000
00319 a2200157 4500
001
62400
020
_a
8535219174
040
_c
Anchieta - Pituba
100
_a
Walton, Sam
240
1
0
_a
Sam Walton
_l
por
245
1
0
_a
Sam Walton
300
_a
237
362
0
_a
2006
650
4
_a
Pessoas em tecnologia
942
_c
BK
999
_c
62400
_d
62400